Statistics for Young Thug Charting Songs (Billboard Hot 100)

Click here to take the quiz!

General Stats

  • This quiz has been taken 81 times
    (6 since last reset)
  • The average score is 38 of 58

Answer Stats

AlbumWeeks OnPeakArtist(s)Song% Correct
Barter 61 Week#100Young ThugCheck
100%
Slime Season 31 Week#93Young ThugDigits
100%
So Much Fun26 Weeks#11Young Thug ft. GunnaHot
100%
Camila Cabello46 Weeks#1 (1 Week)Camila Cabello ft. Young ThugHavana
83%
So Much Fun1 Week#70Young Thug ft. FutureSup Mate
83%
So Much Fun1 Week#55Young Thug ft. Lil Uzi VertWhat's The Move
83%
So Much Fun1 Week#60Young ThugJust How It Is
83%
Lil Uzi Vert vs. The World 21 Week#60Lil Uzi Vert ft. Young Thug & GunnaStrawberry Peel
83%
So Much Fun1 Week#61Young Thug ft. GunnaSurf
83%
Non-Album Single9 Weeks#1 (1 Week)Travi$ Scott ft. Young Thug & M.I.A.Franchise
83%
High Off Life1 Week#84Future ft. Young ThugHarlem Shake
83%
Championships1 Week#77Meek Mill ft. Future, Roddy Ricch & Young ThugSplash Warning
83%
Slime Season4 Weeks#78Young Thug ft. Gunna & Lil BabyChanel (Go Get It)
83%
Culture III1 Week#48Migos, Young Thug & Travi$ Scottg n f (Give No Fxk)
83%
Non-Album Single11 Weeks#85Tyga ft. Young ThugHookah
83%
Jeffery1 Week#87Young ThugWyclef Jean
83%
Lil Uzi Vert vs. The World 21 Week#87Lil Uzi Vert ft. Young ThugGot the Guap
83%
So Much Fun1 Week#92Young Thug ft. Machine Gun KellyEcstasy
83%
Super Slimey4 Weeks#50Future & Young Thug ft. OffsetPatek Water
83%
Beautiful Thugger Girls14 Weeks#65Young Thug ft. FutureRelationship
83%
Rich Gang 225 Weeks#16Rich Gang ft. Young Thug & Rich Homie QuanLifestyle
83%
Non-Album Single5 Weeks#22Juice WRLD ft. Young ThugBad Boy
83%
So Much Fun20 Weeks#12Young Thug, J. Cole & Travi$ ScottThe London
83%
Slime and B49 Weeks#3Chris Brown & Young ThugGo Crazy
83%
Savage Mode II2 Weeks#2621 Savage & Metro Boomin' ft. Young ThugRich Nigga Shit
83%
So Much Fun9 Weeks#32Young Thug ft. Lil BabyBad Bad Bad
83%
More Life3 Weeks#36Drake ft. 2 Chainz & Young ThugSacrifices
83%
JackBoys22 Weeks#38JACKBOYS ft. Young ThugOUT WEST
83%
WUNNA19 Weeks#38Gunna ft. Young ThugDollaz On My Head
83%
Dark Lane Demo Tapes2 Weeks#19Future, Drake & Young ThugD4L
83%
Birds In The Trap Sing McKnight & Jeffery20 Weeks#43Travi$ Scott & Young Thug ft. QuavoPick Up The Phone
83%
More Life2 Weeks#62Drake ft. Young ThugIce Melts
67%
Slime Season 31 Week#87Young ThugWith Them
67%
Non-Album Single10 Weeks#30Megan Thee Stallion ft. Young ThugDon't Stop
67%
The Voice4 Weeks#73Lil Durk, 6LACK & Young ThugStay Down
67%
Blame It on Baby (Deluxe Edition)9 Weeks#74DaBaby ft. Young ThugBLIND
67%
Hollywood's Bleeding21 Weeks#3Post Malone ft. Young ThugGoodbyes
67%
So Much Fun1 Week#82Young ThugLight It Up
50%
Non-Album Single15 Weeks#47Young ThugStoner
50%
Super Slimey1 Week#77Future & Young ThugAll Da Smoke
50%
Drip or Drown 21 Week#74Gunna ft. Young Thug3 Headed Snake
50%
My Turn1 Week#91Lil Baby & Young ThugWe Should
50%
DC41 Week#70Meek Mill ft. Young Thug & 21 SavageOffended
50%
Super Slimey1 Week#100Future & Young ThugThree
50%
Super Slimey1 Week#62Future & Young ThugNo Cap
50%
Paperwork20 Weeks#42T.I ft. Young ThugAbout The Money
50%
Funk Wav Bounces Vol. 11 Week#96Calvin Harris ft. Young Thug, Pharrell Williams & Ariana GrandeHeatstroke
33%
Rather You Than Me1 Week#97Rick Ross ft. Young Thug & WaleTrap Trap Trap
33%
SremmLife20 Weeks#30Rae Sremmurd ft. Nicki Minaj & Young ThugThrow Sum Mo
33%
So Much Fun1 Week#84Young ThugLil Baby
33%
DAY691 Week#736ix9ine ft. Young Thug & Tory LanezRONDO
33%
Artist 2.01 Week#66A Boogie wit da Hoodie ft. Young ThugMight Not Give Up
33%
NOT ALL HEROES WEAR CAPES1 Week#100Metro Boomin' ft. Travi$ Scott & Young ThugUp To Something
33%
Hear No Evil1 Week#89Young Thug & Nicki MinajAnybody
17%
Heartbreak On A Full Moon2 Weeks#82Chris Brown ft. Future & Young ThugHigh End
17%
Wins & Losses1 Week#96Meek Mill ft. Young ThugWe Ball
17%
Slime Season20 Weeks#45Young ThugBest Friend
17%
Hard II Love20 Weeks#32Usher ft. Young ThugNo Limit
17%

Score Distribution

Percentile by Number Answered

Percent of People with Each Score

Your Score History

You have not taken this quiz since the last reset